| 000 | 01467nam a22004097a 4500 | ||
|---|---|---|---|
| 003 | CHAP | ||
| 005 | 20220329135723.0 | ||
| 008 | 971013s1975 r 00010 d | ||
| 010 | _a41081 | ||
| 011 | _a42053 | ||
| 035 | _a46180 | ||
| 040 | _cCHAP | ||
| 090 | _aTesis | ||
| 100 | 0 | 0 |
_aMoya Vargas, Manuel. _979201 |
| 245 |
_aRelaciones entre actitudes de los campesinos y su participación en el Plan Máiz _b: región IV, suroeste del Edo. de México |
||
| 260 |
_aChapingo, Méx. : _bEl autor, _c1975 |
||
| 300 | _a224 h | ||
| 502 | _aTesis (M.C. Esp. en Divulgación Agrícola) -- ENA. Colegio de Postgraduados. Rama de Divulgación Agrícola | ||
| 590 |
_aALEPH _b10 _c20130110 _lUCH01 _h1310 |
||
| 590 |
_aBATCH-UPD _b10 _c20130110 _lUCH01 _h0301 |
||
| 590 |
_aBATCH-UPD _b10 _c20130110 _lUCH01 _h1252 |
||
| 590 |
_aBATCH-UPD _b10 _c20130409 _lUCH01 _h2332 |
||
| 590 |
_aBATCH-UPD _b10 _c20130410 _lUCH01 _h1347 |
||
| 590 |
_aBATCH-UPD _b10 _c20130914 _lUCH01 _h0827 |
||
| 590 |
_aCONVERSION _b10 _c20130109 _lUCH01 _h1323 |
||
| 650 | 1 | 4 |
_aCampesinado. _917993 |
| 650 | 1 | 4 |
_aComunicación de masas. _926210 |
| 650 | 1 | 4 |
_aMaíz _xTrabajadores. _971072 |
| 650 | 1 | 4 |
_aPlan Maíz. _988670 |
| 650 | 1 | 4 |
_aSociología rural. _9108215 |
| 901 | _aBK | ||
| 942 | _cFOLL | ||
| 949 |
_bBC _cTES _d-105260 _eTS1 _i46180 _si |
||
| 949 |
_bBC _cTES _d-105261 _eTS2 _fc.2 _i46180 _si |
||
| 949 |
_bBC _cTES _d-105262 _eTS2 _fc.3 _i46180 _si |
||
| 949 |
_bBC _cTES _d-105263 _eTS2 _fc.4 _i46180 _si |
||
| 999 |
_c41081 _d41081 |
||